Euroopan maiden nimet sekoitettuina - Statistics

Yleistilastot
  • Tätä visaa on pelattu 81 kertaa
  • Keskiarvotulos 14 / 15
Vastaustilastot
Hint Vastaus % Oikein
Mnacoo Monaco
100%
Porligatu Portugali
100%
Pualo Puola
99%
Sasak Saksa
99%
ieualtt Liettua
97%
Sarbei Serbia
97%
Veitsis Sveitsi
97%
Tirlani Irlanti
96%
Vosoko Kosovo
96%
Atalii Italia
93%
Lchietnsestnei Liechtenstein
93%
Oklav äjänev Valko venäjä
93%
Anrkas Ranska
92%
AAnskt Tanska
92%
Istour Ruotsi
91%
Ehtoja vastaavia visoja ei löytynyt
Tulosjakauma
Jokaisen tuloksen saaneiden osuus
Persentiili vastausten määrän mukaan
Tuloshistoriasi
Et ole pelannut tätä visaa